Annual report

Sparad:
Bibliografiska uppgifter
Institutionell upphovsman: Tennessee Valley Authority
Materialtyp: Bok
Språk:Undetermined
Publicerad: Alabama National Fertilizer Development Center 1977
Ämnen:
Taggar: Lägg till en tagg
Inga taggar, Lägg till första taggen!
Thư viện lưu trữ: Trung tâm Học liệu Trường Đại học Cần Thơ
LEADER 00512nam a2200181Ia 4500
001 CTU_84088
008 210402s9999 xx 000 0 und d
082 |a 338.4 
082 |b T297 
110 |a Tennessee Valley Authority 
245 0 |a Annual report 
245 0 |c Tennessee Valley Authority 
260 |a Alabama 
260 |b National Fertilizer Development Center 
260 |c 1977 
650 |a Fertilizer industries 
904 |i QHieu(sửa) 
980 |a Trung tâm Học liệu Trường Đại học Cần Thơ